Individuo y sociedad : perspectivas teórico-metodológicas en la sociología clásica (Record no. 169196)
[ view plain ]
| 000 -CABECERA | |
|---|---|
| campo de control de longitud fija | 00782nab a2200229 a 4500 |
| 005 - FECHA Y HORA DE LA ÚLTIMA TRANSACCIÓN | |
| campo de control | 20210219162051.0 |
| 008 - ELEMENTOS DE LONGITUD FIJA--INFORMACIÓN GENERAL | |
| campo de control de longitud fija | 991125s1985 mx 000 0 spa u |
| 035 ## - NÚMERO DE CONTROL DEL SISTEMA | |
| Número de control de sistema | UPN01000197095 |
| 049 ## - COLECCIÓN | |
| Colección | ART |
| 100 1# - ASIENTO PRINCIPAL--NOMBRE PERSONAL | |
| Nombre de persona | Duek, María Celia |
| 222 ## - TÍTULO CLAVE | |
| Título clave | ARGUMENTOS : |
| Información calificativa | ESTUDIOS CRITICOS DE LA SOCIEDAD |
| 245 ## - MENCIÓN DE TÍTULO | |
| Título | Individuo y sociedad : perspectivas teórico-metodológicas en la sociología clásica |
| 260 ## - PUBLICACIÓN, DISTRIBUCIÓN, ETC. | |
| Lugar de publicación, distribución, etc. | México |
| 300 ## - DESCRIPCIÓN FÍSICA | |
| Extensión | 9-24 |
| 362 0# - FECHAS DE PUBLICACIÓN Y/O DESIGNACIÓN SECUENCIAL | |
| Fecha de publicación y/o designación secuencial | 2009 Año 22, no. 60, may.-ago. |
| 653 0# - TERMINO DE INDIZACION - NO CONTROLADO | |
| Término no controlado | METODO DIALECTICO |
| 653 0# - TERMINO DE INDIZACION - NO CONTROLADO | |
| Término no controlado | WEBER, MAX, 1864-1920 |
| 653 0# - TERMINO DE INDIZACION - NO CONTROLADO | |
| Término no controlado | INDIVIDUALISMO |
| 653 0# - TERMINO DE INDIZACION - NO CONTROLADO | |
| Término no controlado | ESTRUCTURA SOCIAL |
| 856 ## - LOCALIZACIÓN Y ACCESO ELECTRÓNICOS | |
| Identificador Uniforme del Recurso | <a href="http://argumentos.xoc.uam.mx/BUSQUEDA.php?indice=AUTOR&terminos=Duek,%20Mar%C3%ADa%20Celia&pagina=1&indice_resultados=0">http://argumentos.xoc.uam.mx/BUSQUEDA.php?indice=AUTOR&terminos=Duek,%20Mar%C3%ADa%20Celia&pagina=1&indice_resultados=0</a> |
| 905 ## - TIPO DE MATERIAL | |
| Tipo de material | Articulo |
No items available.
